[Event "GX Alekhine Torneio Interno 2023"]
[Site "GXA, Portugal"]
[Date "????.??.??"]
[Round "7.1"]
[White "Ramos, Caetano Da Motta Lima S"]
[Black "Corentin, Louis"]
[Result "1/2-1/2"]
[TimeControl "1h 30m +30s"]
[WhiteElo "1606"]
[BlackElo "2054"]

1. e4 {[%clk 01:30:58]} {[%emt 00:00:01]} Nf6 {[%clk 01:30:11]} {[%emt
00:00:50]} 2. e5 {[%clk 01:30:59]} {[%emt 00:00:29]} Nd5 {[%clk 01:30:03]}
{[%emt 00:00:38]} 3. d4 {[%clk 01:31:21]} {[%emt 00:00:07]} d6 {[%clk
01:30:27]} {[%emt 00:00:06]} 4. Nf3 {[%clk 01:31:34]} {[%emt 00:00:17]} dxe5
{[%clk 01:30:37]} {[%emt 00:00:20]} 5. Nxe5 {[%clk 01:31:34]} {[%emt 00:00:30]}
c6 {[%clk 01:30:42]} {[%emt 00:00:24]} 6. Be2 {[%clk 01:30:50]} {[%emt
00:01:15]} Bf5 {[%clk 01:29:42]} {[%emt 00:01:30]} 7. O-O {[%clk 01:29:56]}
{[%emt 00:01:26]} Nd7 {[%clk 01:29:29]} {[%emt 00:00:42]} 8. Nf3 {[%clk
01:28:55]} {[%emt 00:01:32]} e6 {[%clk 01:29:29]} {[%emt 00:00:30]} 9. c4
{[%clk 01:26:01]} {[%emt 00:03:23]} N5f6 {[%clk 01:29:45]} {[%emt 00:00:13]} 10.
Nc3 {[%clk 01:26:09]} {[%emt 00:00:23]} Be7 {[%clk 01:27:00]} {[%emt 00:03:14]}
11. Be3 {[%clk 01:23:51]} {[%emt 00:02:49]} h6 {[%clk 01:26:17]} {[%emt
00:01:13]} 12. Rc1 {[%clk 01:22:14]} {[%emt 00:02:06]} O-O {[%clk 01:26:13]}
{[%emt 00:00:34]} 13. h3 {[%clk 01:19:53]} {[%emt 00:02:53]} Qc7 {[%clk
01:18:03]} {[%emt 00:08:39]} 14. a3 {[%clk 01:11:06]} {[%emt 00:09:17]} Rad8
{[%clk 01:15:08]} {[%emt 00:03:25]} 15. b4 {[%clk 01:08:30]} {[%emt 00:03:06]}
e5 {[%clk 01:10:48]} {[%emt 00:04:50]} 16. d5 {[%clk 00:57:16]} {[%emt
00:11:45]} Ne4 {[%clk 01:08:39]} {[%emt 00:02:39]} 17. Qb3 {[%clk 00:53:02]}
{[%emt 00:04:42]} Nxc3 {[%clk 01:02:01]} {[%emt 00:07:08]} 18. Rxc3 {[%clk
00:52:26]} {[%emt 00:01:08]} Bg6 {[%clk 00:54:53]} {[%emt 00:07:37]} 19. dxc6
{[%clk 00:47:28]} {[%emt 00:05:28]} bxc6 {[%clk 00:53:37]} {[%emt 00:01:45]} 20.
Nd2 {[%clk 00:41:03]} {[%emt 00:06:55]} Nf6 {[%clk 00:48:04]} {[%emt 00:06:03]}
21. Qa4 {[%clk 00:37:39]} {[%emt 00:03:55]} Nh5 {[%clk 00:47:02]} {[%emt
00:01:31]} 22. Nb3 {[%clk 00:34:19]} {[%emt 00:03:48]} Nf4 {[%clk 00:43:14]}
{[%emt 00:04:19]} 23. Bxf4 {[%clk 00:33:01]} {[%emt 00:01:49]} exf4 {[%clk
00:43:37]} {[%emt 00:00:07]} 24. c5 {[%clk 00:33:17]} {[%emt 00:00:13]} Bf6
{[%clk 00:43:44]} {[%emt 00:00:23]} 25. Rcc1 {[%clk 00:33:23]} {[%emt
00:00:24]} Be4 {[%clk 00:43:00]} {[%emt 00:01:14]} 26. Rfd1 {[%clk 00:31:44]}
{[%emt 00:02:09]} f3 {[%clk 00:37:08]} {[%emt 00:06:22]} 27. Bxf3 {[%clk
00:32:08]} {[%emt 00:00:07]} Bxf3 {[%clk 00:37:26]} {[%emt 00:00:11]} 28. gxf3
{[%clk 00:32:33]} {[%emt 00:00:05]} Qf4 {[%clk 00:33:02]} {[%emt 00:04:54]} 29.
Qxc6 {[%clk 00:31:38]} {[%emt 00:01:25]} Be5 {[%clk 00:33:09]} {[%emt
00:00:23]} 30. Rxd8 {[%clk 00:30:05]} {[%emt 00:02:04]} Rxd8 {[%clk 00:33:14]}
{[%emt 00:00:24]} 31. Kf1 {[%clk 00:27:33]} {[%emt 00:03:03]} Bb2 {[%clk
00:28:38]} {[%emt 00:05:04]} 32. Rb1 {[%clk 00:26:19]} {[%emt 00:01:44]} Qc4+
{[%clk 00:28:40]} {[%emt 00:00:29]} 33. Kg2 {[%clk 00:25:45]} {[%emt 00:01:05]}
Qxb3 {[%clk 00:28:48]} {[%emt 00:00:22]} 34. Qc7 {[%clk 00:24:22]} {[%emt
00:01:53]} Rd5 {[%clk 00:26:24]} {[%emt 00:02:53]} 35. Qb7 {[%clk 00:23:58]}
{[%emt 00:00:54]} Rg5+ {[%clk 00:26:22]} {[%emt 00:00:31]} 36. Kh1 {[%clk
00:24:10]} {[%emt 00:00:18]} Qe6 {[%clk 00:26:28]} {[%emt 00:00:24]} 37. Qa8+
{[%clk 00:23:48]} {[%emt 00:00:53]} Kh7 {[%clk 00:26:52]} {[%emt 00:00:06]} 38.
Qe4+ {[%clk 00:24:11]} {[%emt 00:00:07]} Qxe4 {[%clk 00:27:00]} {[%emt
00:00:22]} 39. fxe4 {[%clk 00:24:36]} {[%emt 00:00:05]} Bxa3 {[%clk 00:21:35]}
{[%emt 00:05:54]} 40. c6 {[%clk 00:24:03]} {[%emt 00:01:03]} Rg6 {[%clk
00:17:05]} {[%emt 00:05:00]} 41. b5 {[%clk 00:23:57]} {[%emt 00:00:37]} Bd6
{[%clk 00:16:27]} {[%emt 00:01:08]} 42. Ra1 {[%clk 00:24:07]} {[%emt 00:00:19]}
Bb8 {[%clk 00:16:17]} {[%emt 00:00:39]} 43. Rxa7 {[%clk 00:24:06]} {[%emt
00:00:32]} Rg5 {[%clk 00:11:48]} {[%emt 00:04:59]} 44. b6 {[%clk 00:20:01]}
{[%emt 00:04:36]} Rc5 {[%clk 00:11:25]} {[%emt 00:00:52]} 45. c7 {[%clk
00:20:12]} {[%emt 00:00:19]} Bxc7 {[%clk 00:11:46]} {[%emt 00:00:09]} 46. Rxc7
{[%clk 00:20:28]} {[%emt 00:00:14]} Rb5 {[%clk 00:12:06]} {[%emt 00:00:10]} 47.
b7 {[%clk 00:19:53]} {[%emt 00:01:06]} Kg6 {[%clk 00:11:25]} {[%emt 00:01:11]}
48. Kg2 {[%clk 00:19:20]} {[%emt 00:01:03]} Kf6 {[%clk 00:10:15]} {[%emt
00:01:40]} 49. h4 {[%clk 00:18:28]} {[%emt 00:01:22]} Ke6 {[%clk 00:08:25]}
{[%emt 00:02:20]} 50. Kf3 {[%clk 00:18:38]} {[%emt 00:00:20]} Rb3+ {[%clk
00:08:19]} {[%emt 00:00:36]} 51. Kg4 {[%clk 00:18:51]} {[%emt 00:00:18]} g6
{[%clk 00:08:32]} {[%emt 00:00:17]} 52. f4 {[%clk 00:17:41]} {[%emt 00:01:40]}
f6 {[%clk 00:05:07]} {[%emt 00:03:55]} 53. h5 {[%clk 00:17:02]} {[%emt
00:01:08]} f5+ {[%clk 00:05:20]} {[%emt 00:00:17]} 54. exf5+ {[%clk 00:17:29]}
{[%emt 00:00:03]} gxf5+ {[%clk 00:05:44]} {[%emt 00:00:05]} 55. Kh4 {[%clk
00:17:51]} {[%emt 00:00:09]} Kd5 {[%clk 00:05:38]} {[%emt 00:00:35]} 56. Re7
{[%clk 00:17:20]} {[%emt 00:01:02]} Kd4 {[%clk 00:05:53]} {[%emt 00:00:15]} 57.
Re5 {[%clk 00:17:22]} {[%emt 00:00:28]} Rxb7 {[%clk 00:05:59]} {[%emt
00:00:24]} 58. Rxf5 {[%clk 00:17:41]} {[%emt 00:00:11]} Ke4 {[%clk 00:02:55]}
{[%emt 00:03:34]} 59. Rf6 {[%clk 00:17:46]} {[%emt 00:00:25]} Rg7 {[%clk
00:02:37]} {[%emt 00:00:48]} 60. Rxh6 {[%clk 00:17:51]} {[%emt 00:00:24]} Kxf4
{[%clk 00:02:56]} {[%emt 00:00:12]} 61. Rf6+ {[%clk 00:18:17]} {[%emt
00:00:04]} Ke5 {[%clk 00:03:17]} {[%emt 00:00:09]} 62. Rf8 {[%clk 00:18:42]}
{[%emt 00:00:05]} Rg1 {[%clk 00:03:20]} {[%emt 00:00:26]} 63. h6 {[%clk
00:18:30]} {[%emt 00:00:43]} Ke6 {[%clk 00:03:31]} {[%emt 00:00:19]} 64. Kh5
{[%clk 00:18:48]} {[%emt 00:00:11]} Ke7 {[%clk 00:03:55]} {[%emt 00:00:07]} 65.
Rf4 {[%clk 00:19:05]} {[%emt 00:00:12]} Rh1+ {[%clk 00:03:51]} {[%emt
00:00:34]} 66. Rh4 {[%clk 00:18:51]} {[%emt 00:00:43]} Rxh4+ {[%clk 00:04:13]}
{[%emt 00:00:09]} 67. Kxh4 {[%clk 00:19:14]} {[%emt 00:00:07]} Kf7 {[%clk
00:04:39]} {[%emt 00:00:05]} 1/2-1/2

[Event "GX Alekhine Torneio Interno 2023"]
[Site "GXA, Portugal"]
[Date "????.??.??"]
[Round "7.2"]
[White "Silva, Reinaldo Joao David Bat"]
[Black "Silva, Lourenco Santa Clara Co"]
[Result "1-0"]
[TimeControl "1h 30m +30s"]
[WhiteElo "1763"]
[BlackElo "1731"]

1. Nf3 {[%clk 01:30:56]} {[%emt 00:00:03]} d5 {[%clk 01:30:54]} {[%emt
00:00:07]} 2. g3 {[%clk 01:31:17]} {[%emt 00:00:09]} Nf6 {[%clk 01:31:00]}
{[%emt 00:00:25]} 3. Bg2 {[%clk 01:31:37]} {[%emt 00:00:09]} Bf5 {[%clk
01:30:57]} {[%emt 00:00:33]} 4. O-O {[%clk 01:31:46]} {[%emt 00:00:21]} e6
{[%clk 01:31:20]} {[%emt 00:00:07]} 5. c4 {[%clk 01:30:06]} {[%emt 00:02:10]}
h6 {[%clk 01:31:00]} {[%emt 00:00:50]} 6. Qb3 {[%clk 01:29:05]} {[%emt
00:01:30]} Qc8 {[%clk 01:26:37]} {[%emt 00:04:54]} 7. cxd5 {[%clk 01:27:21]}
{[%emt 00:02:13]} exd5 {[%clk 01:25:05]} {[%emt 00:02:03]} 8. Nc3 {[%clk
01:23:12]} {[%emt 00:04:39]} c6 {[%clk 01:24:48]} {[%emt 00:00:47]} 9. d3
{[%clk 01:16:53]} {[%emt 00:06:48]} Be7 {[%clk 01:22:23]} {[%emt 00:02:55]} 10.
e4 {[%clk 01:09:02]} {[%emt 00:08:21]} dxe4 {[%clk 01:22:10]} {[%emt 00:00:43]}
11. Nd4 {[%clk 01:09:20]} {[%emt 00:00:11]} Bh7 {[%clk 01:17:05]} {[%emt
00:05:35]} 12. dxe4 {[%clk 01:07:10]} {[%emt 00:02:40]} O-O {[%clk 01:10:30]}
{[%emt 00:07:05]} 13. e5 {[%clk 01:03:05]} {[%emt 00:04:35]} Nfd7 {[%clk
01:04:37]} {[%emt 00:06:23]} 14. Bh3 {[%clk 00:57:20]} {[%emt 00:06:15]} Qc7
{[%clk 01:00:34]} {[%emt 00:04:34]} 15. e6 {[%clk 00:55:09]} {[%emt 00:02:41]}
Nc5 {[%clk 01:00:14]} {[%emt 00:00:50]} 16. exf7+ {[%clk 00:55:14]} {[%emt
00:00:25]} Kh8 {[%clk 00:47:48]} {[%emt 00:12:56]} 17. Qd1 {[%clk 00:44:37]}
{[%emt 00:11:06]} Rxf7 {[%clk 00:44:49]} {[%emt 00:03:30]} 18. Qh5 {[%clk
00:36:19]} {[%emt 00:08:47]} Rf6 {[%clk 00:38:38]} {[%emt 00:06:42]} 19. Bf4
{[%clk 00:29:01]} {[%emt 00:07:47]} Qd8 {[%clk 00:36:47]} {[%emt 00:02:22]} 20.
Be5 {[%clk 00:26:40]} {[%emt 00:02:50]} Rf8 {[%clk 00:28:43]} {[%emt 00:08:34]}
21. b4 {[%clk 00:21:43]} {[%emt 00:05:27]} Qe8 {[%clk 00:14:16]} {[%emt
00:14:57]} 22. Qxe8 {[%clk 00:20:54]} {[%emt 00:01:19]} Rxe8 {[%clk 00:14:43]}
{[%emt 00:00:03]} 23. bxc5 {[%clk 00:19:28]} {[%emt 00:01:56]} Bxc5 {[%clk
00:15:00]} {[%emt 00:00:13]} 24. Ne6 {[%clk 00:18:58]} {[%emt 00:00:59]} Bb6
{[%clk 00:14:26]} {[%emt 00:01:06]} 25. Na4 {[%clk 00:18:02]} {[%emt 00:01:26]}
Na6 {[%clk 00:13:57]} {[%emt 00:00:59]} 26. Nxb6 {[%clk 00:17:32]} {[%emt
00:01:00]} axb6 {[%clk 00:14:22]} {[%emt 00:00:05]} 27. Rfe1 {[%clk 00:14:46]}
{[%emt 00:03:15]} Re7 {[%clk 00:13:50]} {[%emt 00:01:03]} 28. Bxg7+ {[%clk
00:13:33]} {[%emt 00:01:42]} Rxg7 {[%clk 00:13:50]} {[%emt 00:00:31]} 29. Nxg7
{[%clk 00:14:02]} {[%emt 00:00:02]} Kxg7 {[%clk 00:14:18]} {[%emt 00:00:02]} 30.
Re7+ {[%clk 00:14:23]} {[%emt 00:00:09]} Kh8 {[%clk 00:13:55]} {[%emt
00:00:54]} 31. Rae1 {[%clk 00:14:41]} {[%emt 00:00:11]} Nc5 {[%clk 00:13:18]}
{[%emt 00:01:07]} 32. Re8+ {[%clk 00:14:39]} {[%emt 00:00:32]} Rxe8 {[%clk
00:13:44]} {[%emt 00:00:04]} 33. Rxe8+ {[%clk 00:15:03]} {[%emt 00:00:05]} Kg7
{[%clk 00:14:03]} {[%emt 00:00:12]} 34. Re7+ {[%clk 00:15:20]} {[%emt
00:00:13]} Kh8 {[%clk 00:13:29]} {[%emt 00:01:04]} 35. Bc8 {[%clk 00:15:44]}
{[%emt 00:00:06]} Bg8 {[%clk 00:12:40]} {[%emt 00:01:19]} 36. Bxb7 {[%clk
00:14:15]} {[%emt 00:01:59]} Bxa2 {[%clk 00:12:37]} {[%emt 00:00:33]} 37. Bxc6
{[%clk 00:13:18]} {[%emt 00:01:27]} Bc4 {[%clk 00:12:43]} {[%emt 00:00:23]} 38.
Rc7 {[%emt 00:01:35]} Ne6 {[%clk 00:12:08]} {[%emt 00:01:02]} 39. Rb7 {[%clk
00:12:07]} {[%emt 00:00:30]} 1-0

[Event "GX Alekhine Torneio Interno 2023"]
[Site "GXA, Portugal"]
[Date "????.??.??"]
[Round "7.3"]
[White "Vedor, Bernardo Marques"]
[Black "Zhang, Xin An"]
[Result "1/2-1/2"]
[TimeControl "1h 30m +30s"]
[WhiteElo "1650"]
[BlackElo "1584"]

1. e4 {[%clk 01:30:56]} {[%emt 00:00:03]} c5 {[%clk 01:30:59]} {[%emt
00:00:04]} 2. Nf3 {[%clk 01:31:04]} {[%emt 00:00:20]} e6 {[%clk 01:31:25]}
{[%emt 00:00:05]} 3. d4 {[%clk 01:31:28]} {[%emt 00:00:05]} cxd4 {[%clk
01:31:53]} {[%emt 00:00:04]} 4. Nxd4 {[%clk 01:31:48]} {[%emt 00:00:09]} a6
{[%clk 01:32:21]} {[%emt 00:00:05]} 5. c4 {[%clk 01:31:29]} {[%emt 00:00:47]}
Nf6 {[%clk 01:32:29]} {[%emt 00:00:21]} 6. Nc3 {[%clk 01:31:48]} {[%emt
00:00:12]} Qc7 {[%clk 01:32:45]} {[%emt 00:00:14]} 7. a3 {[%clk 01:31:59]}
{[%emt 00:00:19]} b6 {[%clk 01:31:18]} {[%emt 00:01:57]} 8. Be3 {[%clk
01:31:33]} {[%emt 00:00:53]} Bb7 {[%clk 01:31:14]} {[%emt 00:00:37]} 9. f3
{[%clk 01:31:27]} {[%emt 00:00:35]} Be7 {[%clk 01:30:16]} {[%emt 00:01:29]} 10.
Be2 {[%clk 01:31:26]} {[%emt 00:00:31]} O-O {[%clk 01:30:11]} {[%emt 00:00:34]}
11. O-O {[%clk 01:31:27]} {[%emt 00:00:28]} Bd6 {[%clk 01:20:35]} {[%emt
00:10:07]} 12. Kh1 {[%clk 01:14:00]} {[%emt 00:17:56]} Be7 {[%clk 01:10:26]}
{[%emt 00:10:40]} 13. Rc1 {[%clk 01:12:39]} {[%emt 00:01:50]} d6 {[%clk
01:10:35]} {[%emt 00:00:22]} 14. b4 {[%clk 01:11:12]} {[%emt 00:01:56]} Nbd7
{[%clk 01:10:25]} {[%emt 00:00:41]} 15. Qd2 {[%clk 01:09:47]} {[%emt 00:01:54]}
Rac8 {[%clk 01:07:15]} {[%emt 00:03:41]} 16. Rfd1 {[%clk 01:08:38]} {[%emt
00:01:38]} Rfe8 {[%clk 01:06:17]} {[%emt 00:01:29]} 17. Nb3 {[%clk 01:05:14]}
{[%emt 00:03:54]} Qb8 {[%clk 00:52:24]} {[%emt 00:14:23]} 18. Na4 {[%clk
01:02:03]} {[%emt 00:03:41]} Bc6 {[%clk 00:49:21]} {[%emt 00:03:34]} 19. Nb2
{[%clk 00:50:51]} {[%emt 00:11:41]} h5 {[%clk 00:36:27]} {[%emt 00:13:24]} 20.
c5 {[%clk 00:35:06]} {[%emt 00:16:15]} bxc5 {[%clk 00:21:27]} {[%emt 00:15:31]}
21. Bxa6 {[%clk 00:34:43]} {[%emt 00:00:52]} Bb7 {[%clk 00:21:31]} {[%emt
00:00:27]} 22. Bxb7 {[%clk 00:33:10]} {[%emt 00:02:02]} Qxb7 {[%emt 00:00:33]}
23. Na5 {[%clk 00:31:06]} {[%emt 00:02:30]} Qb5 {[%clk 00:21:24]} {[%emt
00:00:40]} 24. a4 {[%clk 00:30:45]} {[%emt 00:00:50]} Qxb4 {[%clk 00:19:29]}
{[%emt 00:02:25]} 25. Qxb4 {[%clk 00:31:00]} {[%emt 00:00:15]} cxb4 {[%clk
00:19:55]} {[%emt 00:00:05]} 26. Nc6 {[%clk 00:30:59]} {[%emt 00:00:30]} Kf8
{[%clk 00:18:32]} {[%emt 00:01:53]} 27. Nxb4 {[%clk 00:29:11]} {[%emt
00:02:18]} Rxc1 {[%clk 00:17:59]} 28. Rxc1 {[%clk 00:29:11]} d5 {[%clk
00:17:59]} 29. Nc6 {[%clk 00:29:11]} Ba3 {[%clk 00:17:59]} 30. Rb1 {[%clk
00:29:11]} Rc8 {[%clk 00:17:59]} 31. Nd4 {[%clk 00:29:11]} Re8 {[%clk
00:16:12]} {[%emt 00:07:37]} 32. Nc6 {[%clk 00:23:13]} {[%emt 00:03:41]} Rc8
{[%clk 00:13:36]} {[%emt 00:03:06]} 33. Nd4 {[%clk 00:22:14]} {[%emt 00:01:28]}
1/2-1/2